| 000 | 00413nam a2200145 4500 | ||
|---|---|---|---|
| 001 | 122420 | ||
| 003 | ES-MaACL | ||
| 005 | 20230906191956.0 | ||
| 007 | t| | ||
| 008 | 070214s1933 sp r ||||1| spa d | ||
| 245 | 0 | 0 |
_aPrimer festival de música mallorquina _b: programa. |
| 260 |
_aPalma de Mallorca : _bCapella Classica, _c1933. |
||
| 300 |
_a2 h. : _bil. ; _c25 cm. |
||
| 852 |
_aES-MaACL _j2065-F-21 _bR.60554 |
||
| 999 |
_c122420 _d122420 |
||